Retail ponúka nové príležitosti
Prognózy, aký bude život po pandémii, aké scenáre a stratégie možno predvídať a následne aplikovať v oblasti retailu a jeho komunikácie. Dôležitosť spolupráce.
Salvato in:
| Autore principale: | |
|---|---|
| Natura: | Capitolo di libro |
| Lingua: | slovacco |
| Soggetti: | |
| Tags: |
Nessun Tag, puoi essere il primo ad aggiungerne!!
|
MARC
| LEADER | 00000naa a2200000 4500 | ||
|---|---|---|---|
| 001 | 0268377 | ||
| 005 | 20210616133341.7 | ||
| 041 | 0 | |a slo | |
| 044 | |a CZ | ||
| 245 | 1 | 0 | |a Retail ponúka nové príležitosti |c Pavel Gregor |
| 520 | |a Prognózy, aký bude život po pandémii, aké scenáre a stratégie možno predvídať a následne aplikovať v oblasti retailu a jeho komunikácie. Dôležitosť spolupráce. | ||
| 610 | 2 | 0 | |a prognózy |
| 610 | 2 | 0 | |a retailing |
| 610 | 2 | 0 | |a ochrana zdravia |
| 610 | 2 | 0 | |a správanie spotrebiteľa |
| 100 | 1 | |a Gregor, Pavel | |